| 000 | 00551nam a22001697a 4500 | ||
|---|---|---|---|
| 999 |
_c4755 _d4755 |
||
| 008 | 200828b ||||| |||| 00| 0 eng d | ||
| 082 | 0 | 0 |
_a621.3 _bT398 |
| 100 |
_940 _aTheraja, B. L. |
||
| 245 | 1 | 0 |
_aElectrical technology - Vol 1: S.I. system of SI units / _cby B. L Theraja and A. K. Theraja |
| 250 | _a21st ed. | ||
| 260 |
_aNew-Delhi: _bNirja Construction and Developement, _c 1994. |
||
| 300 | _ax, 592 p. | ||
| 500 | _aContains: Basic Electrical Engineering | ||
| 650 | 0 | _aElectrical Engineering | |
| 700 |
_91842 _aTheraja, A.K. |
||
| 942 | _cBK | ||